000 00537cam a22002174a 4500
005 20250605164246.0
008 250528s ||||||||||||||||||||||||d
035 _a21531
020 _a9780750642071
040 _aGR-AtMCL
_bgre
_dGR-AtMCL
_eAACR2
245 1 _aBUSINESS STRATEGY AN INTRODUCTION
250 _a1
260 _bButterworths,
_c1999
300 _a333
700 1 _aCambell David
_94196
700 1 _aHouston Bill
_94197
700 1 _aStonehouse George
_94198
942 _cBK
999 _c6593
_d6593